|
|
|
|
| LEADER |
01611nam a2200385 a 4500 |
| 001 |
9318 |
| 003 |
BD-DhAAL |
| 008 |
110802s1997 enka b 000 0 eng |
| 010 |
|
|
|a 83023195
|
| 020 |
|
|
|a 8185618941
|
| 020 |
|
|
|a 9788185618944
|
| 020 |
|
|
|a 0521223393
|
| 020 |
|
|
|a 0521294541 (pbk.)
|
| 040 |
|
|
|a DLC
|c DLC
|d DLC
|d BD-DhAAL
|
| 082 |
0 |
0 |
|a 822.33
|2 19
|
| 100 |
1 |
|
|a Shakespeare, William,
|d 1564-1616.
|9 49080
|
| 245 |
1 |
0 |
|a Othello /
|c edited by Norman Sanders.
|
| 260 |
|
|
|a Cambridge [Cambridgeshire] ;
|a New York :
|b Cambridge University Press,
|c 1984 [reprinted 2000].
|
| 300 |
|
|
|a xiii, 209 pages :
|b illustrations ;
|c 24 cm.
|
| 490 |
0 |
|
|a The New Cambridge Shakespeare
|
| 504 |
|
|
|a Includes bibliographical references (pages 208-209).
|
| 541 |
|
|
|a Donated By Akbar Ali Khan
|e 9318, 38844
|
| 650 |
|
0 |
|a Othello (Fictitious character)
|v Drama.
|9 49081
|
| 650 |
|
0 |
|a Muslims
|x Drama.
|9 49082
|
| 650 |
|
0 |
|a Jealousy
|x Drama.
|9 49083
|
| 650 |
|
0 |
|a English literature.
|9 49084
|
| 651 |
|
0 |
|a Venice (Italy)
|v Drama.
|9 49085
|
| 655 |
|
7 |
|a Tragedies.
|2 gsafd
|
| 700 |
1 |
|
|a Sanders, Norman
|q (Norman J.)
|9 49087
|
| 830 |
|
|
|a The New Cambridge Shakespeare
|9 49088
|
| 852 |
1 |
|
|a Ayesha Abed Library
|c General Stacks
|
| 942 |
|
|
|2 ddc
|c BK
|
| 999 |
|
|
|c 11182
|d 11182
|
| 952 |
|
|
|0 0
|1 0
|2 ddc
|4 0
|6 822_330000000000000_SHA
|7 0
|9 17773
|a BRACUL
|b BRACUL
|c GEN
|d 2011-08-08
|l 13
|m 65
|o 822.33 SHA
|p 3010009318
|r 2026-05-10
|s 2026-02-02
|t 1
|w 2011-08-08
|y BK
|
| 952 |
|
|
|0 0
|1 0
|2 ddc
|4 0
|6 822_330000000000000_SHA
|7 1
|9 70843
|a BRACUL
|b BRACUL
|c AAKC
|d 2022-06-07
|e Donated by Akbar Ali Khan
|l 0
|o 822.33 SHA
|p 3010038844
|r 2022-06-07
|t 2
|w 2022-06-07
|y BK
|